00346nam a2200157Ia 4500003000500000008004100005020001800046040001900064082000700083100001500090245003000105260002300135300001000158365000800168546001200176STCL230726s9999 xx 000 0 und d a9781529092271 aSTCLcSTCLbEN 222 aKlune, T J 0aUnder the whispering door bTor aLondonc2021 a376 p b599 aEnglish